It looks like you're offline.
Open Library logo
additional options menu

MARC record from Internet Archive

LEADER: 02012cam a22003254a 4500
001 2004024333
003 DLC
005 20070726082810.0
008 041015s2005 enka b 001 0 eng
010 $a 2004024333
020 $a0521846951 (hardback)
020 $a0521609712 (pbk.)
040 $aDLC$cDLC$dDLC
042 $apcc
050 00 $aHM681$b.I54 2005
082 00 $a303.4$222
100 1 $aInglehart, Ronald.
245 10 $aModernization, cultural change, and democracy :$bthe human development sequence /$cRonald Inglehart, Christian Welzel.
260 $aCambridge, UK ;$aNew York :$bCambridge University Press,$c2005.
300 $ax, 333 p. :$bill. ;$c24 cm.
504 $aIncludes bibliographical references (p. 301-321) and index.
505 0 $aA revised theory of modernization -- Value change and the persistence of cultural traditions -- Exploring the unknown : predicting mass responses -- Intergenerational value change -- Value changes over time -- Individualism, self-expression, and civic virtues -- The causal link between democratic values and democratic institutions : theoretical discussion -- The causal link between democratic values and democratic institutions : empirical analyses -- Social forces, collective action, and international events -- Individual level values and system level democracy : the problem of cross-level analysis -- Elements of a pro-democratic civic culture -- Gender equality, emancipative values, and democracy -- The implications of human development -- An emancipative theory of democracy.
650 0 $aSocial change.
650 0 $aSocial values.
650 0 $aDemocratization.
650 0 $aDemocracy.
700 1 $aWelzel, Christian,$d1964-
856 41 $3Table of contents only$uhttp://www.loc.gov/catdir/toc/ecip052/2004024333.html
856 42 $3Publisher description$uhttp://www.loc.gov/catdir/enhancements/fy0632/2004024333-d.html
856 42 $3Contributor biographical information$uhttp://www.loc.gov/catdir/enhancements/fy0733/2004024333-b.html